[Event "Dortmund op"]
[Site "Dortmund"]
[Date "2006.03.23"]
[Round "9.18"]
[White "Stiebel, Erhard"]
[Black "Duschek, Guenter"]
[Result "0-1"]
[WhiteElo "1548"]
[BlackElo "1674"]
[PlyCount "56"]
[EventDate "2006.03.06"]
[EventType "swiss"]
[EventRounds "9"]
[EventCountry "GER"]
[SourceTitle "CBM 111 Extra"]
[Source "ChessBase"]
[SourceDate "2006.05.09"]
[SourceVersion "1"]
[SourceVersionDate "2006.05.09"]
[SourceQuality "1"]

1. d4 d5 2. Nf3 Nf6 3. e3 Bf5 4. Bd3 Bxd3 5. Qxd3 c6 6. 0-0 e6 7. Nbd2 Be7 8. Ne5 Nbd7 9. f4 g6 10. Ndf3 Ne4 11. c4 f6 12. cxd5 fxe5 13. Qxe4 exd5 14. Qc2 e4 15. Ne5 Rf8 16. Bd2 Qb6 17. a3 h5 18. Bc3 Nxe5 19. fxe5 Kd7 20. Qd2 h4 21. Qe2 c5 22. Rad1 Rxf1+ 23. Rxf1 Rf8 24. Rd1 c4 25. Qg4+ Kc7 26. Qh3 Qb3 27. Re1 Qc2 28. Qe6 Qf2+ 0-1

[Event "Dortmund op"]
[Site "Dortmund"]
[Date "2006.03.06"]
[Round "1.7"]
[White "Stiebel, Erhard"]
[Black "Begna, Bozidar"]
[Result "0-1"]
[WhiteElo "1548"]
[BlackElo "2002"]
[PlyCount "80"]
[EventDate "2006.03.06"]
[EventType "swiss"]
[EventRounds "9"]
[EventCountry "GER"]
[SourceTitle "CBM 111 Extra"]
[Source "ChessBase"]
[SourceDate "2006.05.09"]
[SourceVersion "1"]
[SourceVersionDate "2006.05.09"]
[SourceQuality "1"]

1. d4 Nf6 2. Nf3 c5 3. e3 d5 4. c3 e6 5. Bd3 Nc6 6. Nbd2 Qc7 7. 0-0 Bd6 8. e4 cxd4 9. cxd4 e5 10. dxe5 Nxe5 11. Bb5+ Bd7 12. Bxd7+ Nfxd7 13. exd5 0-0 14. Ne4 Nxf3+ 15. Qxf3 Bxh2+ 16. Kh1 Be5 17. Be3 Nf6 18. Rac1 Qd7 19. Nxf6+ Bxf6 20. b3 Rfe8 21. Rc4 Be5 22. Rd1 Qd6 23. g3 a5 24. Kg2 Rad8 25. Bc5 Qa6 26. Bd4 Bxd4 27. Rcxd4 Rd6 28. Re4 Qb5 29. Rde1 Rxe4 30. Qxe4 g6 31. Qe8+ Qxe8 32. Rxe8+ Kg7 33. Rb8 Rd7 34. a3 Kf6 35. b4 axb4 36. axb4 Ke5 37. f3 h5 38. Re8+ Kxd5 39. Re4 Rc7 40. Rf4 f5 0-1